000 00773nam a2200193 i 4500
001 58649
003 ES-MaACL
005 20230906163844.0
007 t|
008 031023s1926 mx |||| | spa d
245 0 3 _aLa educación en México a través de los mensajes presidenciales, desde la consumación de la independencia hasta nuestros días /
_cprólogo de J.M. Puig Casaurance.
260 _aMéxico :
_bSecretaría de Educación,
_c1926 (
_fTalleres Gráficos La Nación)
300 _a505 p. ;
_c24 cm.
650 4 _aEnseñanza-
_zMéxico-
_vHistoria.
_9168992
651 4 _aMéxico-
_xPolítica cultural-
_vHistoria.
_9168993
700 1 _aPuig Casauranc, José Manuel.
_994258
710 1 _aMéxico.
_bSecretaría de Educación.
_95703
852 _aES-MaACL
_jA-1194
999 _c58649
_d58649